<?xml version="1.0" encoding="UTF-8"?>
<collection xmlns="http://www.loc.gov/MARC21/slim">
  <record>
    <leader>00000nam  2200000   4500</leader>
    <controlfield tag="001">INLIS000000000014590</controlfield>
    <controlfield tag="005">20220916012542</controlfield>
    <datafield tag="035" ind1="#" ind2="#">
      <subfield code="a">0010-0922001352</subfield>
    </datafield>
    <controlfield tag="001">INLIS000000000014586</controlfield>
    <controlfield tag="005">20220916101934</controlfield>
    <datafield tag="035" ind1="#" ind2="#">
      <subfield code="a">0010-0922001351</subfield>
    </datafield>
    <datafield tag="035" ind1="#" ind2="#">
      <subfield code="a">0010-0922001350</subfield>
    </datafield>
    <datafield tag="035" ind1="#" ind2="#">
      <subfield code="a">0010-0922001349</subfield>
    </datafield>
    <datafield tag="035" ind1="#" ind2="#">
      <subfield code="a">0010-0922001348</subfield>
    </datafield>
    <datafield tag="245" ind1="1" ind2="#">
      <subfield code="a">PENYUSUNAN DATABASE PEMANFAATAN BMD BENTUK POLA PINJAM PAKAI Dengan Tambahan FUNGSI REMINDER Badan Pengelolaan Keuangan dan Aset Daerah Kota Bontang /</subfield>
      <subfield code="c">Imamul Khair, S.E</subfield>
    </datafield>
    <datafield tag="100" ind1="1" ind2="#">
      <subfield code="a">KHAIR, Imamul</subfield>
    </datafield>
    <datafield tag="250" ind1="#" ind2="#">
      <subfield code="a">1</subfield>
    </datafield>
    <datafield tag="300" ind1="#" ind2="#">
      <subfield code="a">28 halaman ; lampiran :</subfield>
      <subfield code="b">ilustrasi ;</subfield>
      <subfield code="c">30 cm</subfield>
    </datafield>
    <datafield tag="260" ind1="#" ind2="#">
      <subfield code="a">Samarinda :</subfield>
      <subfield code="b">Puslatbang KDOD,</subfield>
      <subfield code="c">2022</subfield>
    </datafield>
    <datafield tag="084" ind1="#" ind2="#">
      <subfield code="a">LATSAR 826 2022</subfield>
    </datafield>
    <datafield tag="650" ind1="#" ind2="4">
      <subfield code="a">Pelatihan Dasar</subfield>
    </datafield>
    <datafield tag="650" ind1="#" ind2="4">
      <subfield code="a">Laporan Aktualisasi</subfield>
    </datafield>
    <datafield tag="650" ind1="#" ind2="4">
      <subfield code="a">teknologi informasi</subfield>
    </datafield>
    <datafield tag="650" ind1="#" ind2="4">
      <subfield code="a">sistem informasi</subfield>
    </datafield>
    <datafield tag="650" ind1="#" ind2="4">
      <subfield code="a">aplikasi pemerintah</subfield>
    </datafield>
    <datafield tag="650" ind1="#" ind2="4">
      <subfield code="a">manajemen database</subfield>
    </datafield>
    <datafield tag="650" ind1="#" ind2="4">
      <subfield code="a">pengingat</subfield>
    </datafield>
    <datafield tag="650" ind1="#" ind2="4">
      <subfield code="a">barang milik daerah</subfield>
    </datafield>
    <datafield tag="520" ind1="#" ind2="#">
      <subfield code="a">Laporan Aktualisasi Pelatihan Dasar ini pada isu belum adanya aplikasi reminder batas waktu pemanfaatan barang milik daerah (BMD) dalam bentuk pinjam pakai oleh pihak lain, sehingga dibuat 4 kegiatan berdasarkan nilai BerAKHLAK (Berorientasi pelayanan, Akuntabel, Kompeten, Harmonis, Loyal, Adaptif, Kolaboratif)yaitu : membuat fungsi reminder dari Visual basic for application Microsoft excel untuk pemanfaatan BMD dengan pola pinjam pakai, membuat e-book (pdf) pembuatan dan penggunaan database pemanfaatan BMD beserta fungsi reminder, membuat video pembuatan dan penggunaan fungsi reminder di excel, Sosialisasi penggunaan fungsi reminder kepada Aparatur pengelolaan barang milik daerah. Kegiatan ini dilaksanakan dari tanggal 8 Mei 2022-19 Juli 2022.</subfield>
    </datafield>
    <datafield tag="500" ind1="#" ind2="#">
      <subfield code="a">Coach : Muhammad Abdi Rahman, S.Sos, M.Si&#13;
Penguji : Dr. Rahmat, MA&#13;
Mentor : Isnaniah,ST</subfield>
    </datafield>
    <controlfield tag="008">220916################|##########|#|##</controlfield>
    <datafield tag="990" ind1="#" ind2="#">
      <subfield code="a">LATSAR/826/2022</subfield>
    </datafield>
  </record>
</collection>
